Pillars of the community (Record no. 112022)
[ view plain ]
| 000 -LEADER | |
|---|---|
| fixed length control field | 01021cad a22001935a 4500 |
| 001 - CONTROL NUMBER | |
| control field | E152368 |
| 008 - FIXED-LENGTH DATA ELEMENTS--GENERAL INFORMATION | |
| fixed length control field | 110228s2011 xxk f 000 0 eng d |
| 035 ## - SYSTEM CONTROL NUMBER | |
| System control number | (Sirsi) u152368 |
| 041 0# - LANGUAGE CODE | |
| Language code of text/sound track or separate title | eng |
| 110 2# - MAIN ENTRY--CORPORATE NAME | |
| Corporate name or jurisdiction name as entry element | English Heritage |
| 9 (RLIN) | 2714 |
| 245 00 - TITLE STATEMENT | |
| Title | Pillars of the community |
| Remainder of title | the transfer of local authority assets |
| Medium | [electronic resource] |
| 260 ## - PUBLICATION, DISTRIBUTION, ETC. | |
| Place of publication, distribution, etc. | [S.l.] |
| Name of publisher, distributor, etc. | EH |
| Date of publication, distribution, etc. | 2011 |
| 520 ## - SUMMARY, ETC. | |
| Summary, etc. | Offers guidance on the transfer of heritage assets, such as historic buildings and ancient monuments, to community organisations. The guidance is intended for local authorities and community organisations, but is also relevant to transfers from central government and other public bodies. |
| 590 ## - LOCAL NOTE (RLIN) | |
| Local note | KA |
| 651 #4 - SUBJECT ADDED ENTRY--GEOGRAPHIC NAME | |
| Geographic name | England |
| Chronological subdivision | 886- |
| 690 ## - LOCAL SUBJECT ADDED ENTRY--TOPICAL TERM (OCLC, RLIN) | |
| Topical term or geographic name as entry element | BUILT ENVIRONMENT-BUILDING TYPES-ANCIENT MONUMENTS AND HISTORIC BUILDINGS |
| 856 40 - ELECTRONIC LOCATION AND ACCESS | |
| Uniform Resource Identifier | <a href="https://www.english-heritage.org.uk/publications/pillars-of-the-community-the-transfer-of-local-authority-heritage-assets/">https://www.english-heritage.org.uk/publications/pillars-of-the-community-the-transfer-of-local-authority-heritage-assets/</a> |
| Public note | View the item free of charge at www.english-heritage.org.uk |
| 942 ## - ADDED ENTRY ELEMENTS (KOHA) | |
| Suppress in OPAC | 0 |
| Withdrawn status | Lost status | Source of classification or shelving scheme | Damaged status | Not for loan | Home library | Current library | Shelving location | Date acquired | Total Checkouts | Full call number | Barcode | Date last seen | Copy number | Price effective from | Koha item type |
|---|---|---|---|---|---|---|---|---|---|---|---|---|---|---|---|
| Dewey Decimal Classification | Virtual | Virtual | Online | 28/02/2011 | ONLINE PUBLICATION | 152368-2001 | 06/08/2019 | 1 | 06/08/2019 | Book |